000
00282nam a22001097a 4500
082
_a
823
_b
CAI/W
100
_a
CAITHLIN,STEPHEN
245
_a
WONDERS OF SWAMPS AND MASHES
246
_a
WONDERS OF SWAMPS AND MASHES
_b
WONDERS OF SWAMPS AND MASHES
650
_a
ENGLISH STORY
942
_c
BK
999
_c
8829
_d
8829